000 00472nam a2200157Ia 4500
999 _c19531
_d19531
003 OSt
005 20200626120238.0
008 190216s9999||||xx |||||||||||||| ||und||
040 _coclc
082 _a954.83
_bPIL/C
100 _aPillai, Barrister A K
_93266
245 0 _aCongressum Keralavum /
_cBarrister A K Pillai
260 _bCharithram Publications,
_c1982.
_aTrivandrum:
300 _a183p
942 _cBK
_2ddc
_h954.83
_iPIL/C
_k954.83
_mPIL/C